1141 1485 1527 1356 1439 1039 1258 1943 1578 1840 1684 1109 1717 1506 1771 1563 1857 1408 1750 1515 1594 1623 1983 1857 1302 1974 1539 1568 1676 1516 1941 1359 1127 1181 1533 1066 1251 1980 1255 1795 1533 1545 1852 1327 1186 1976 1923 1926 1102 1927 1804 1761 1684 1289 1576 1497 1852 1181 1154 1232 1352 1468 1542 1324 1501 1278 1244 1359 1780 1868 1732 1465 1407 1286 1155 1902 1726 1782 1764 1911 1357 1569 1229 1530 1577 1365 1762 1892 1477 1730 1696 1139 1001 1689 1026 1029 1790 1985 1527 BCNSPRNW ULIB Ver.6.0+V

เปลี่ยนเป็นภาษาไทย

Change to English
 แสดงรายละเอียดบรรณานุกรม
  กลับหน้าหลัก

Brief Record : Get Marc (ISO 2709) : E-mail record : QR code < ปิดหน้าต่าง
LEADER : 00000nam 2200000uu 4500
001    13399125264
003     ULIB
008    161213s2559||||th 000 0 tha d
020    ^a9786161130824
060  4 ^aW20.5^bก169ม
110 2  ^aกรมวิทยาศาสตร์การแพทย์
245 10 ^aมาตรฐานการปฏิบัติงาน:^bคณะกรรมการจริยธรรมการวิจัยในมนุษย์ กรมวิทยาศาสตร์การแพทย์/^cกรมวิทยาศาสตร์การแพทย์
246 30 ^
250    ^aพิมพ์ครั้งที่ 1
260    ^aนนทบุรี :^bกรมวิทยาศาสตร์การแพทย์,^c2559
300    ^a21 หน้า
650  7 ^aจริยธรรม^xการปฏิบัติงาน
650  7 ^aมาตรฐาน
945    ^p0^l0^i001573
999    ^aณรีรัตน์ วารุกา
รายการนี้ยังไม่มีแท็ก
คุณยังไม่ได้ล็อกอิน คุณสามารถมีกิจกรรมร่วมกับเว็บไซต์ได้ แต่ต้องล็อกอินก่อน ::
  ล็อกอิน

รายการสื่อสารสนเทศ

ลำดับที่ ประเภท เลขเรียก/บาร์โค้ด สถานที่ สถานะ
1. การศึกษาทั่วไป
การศึกษาทั่วไป
สถานะ=หนังสือเก่า
W20.5 ก169ม ฉ.1 
  Barcode: 001573
ห้องสมุดวิทยาเขตสวรรค์ประชารักษ์
►ส่วนจัดเก็บหนังสือเก่า สปร
บนชั้น
  ขอยืม

รายการใกล้เคียง
    หัวเรื่อง [มาตรฐาน]

BibComment


ยังไม่เคยถูกคอมเมนท์

คอมเมนท์ทรัพยากรรายการนี้
  คอมเมนท์: มาตรฐานการปฏิบัต..


 Copyright 2026. Bcnsprnw @Library